00626nam a22002057a 450000500170000001000130001702000220003003500130005203700160006504000120008108200180009310000210011124500800013226000450021227000560025730000200031350000500033365000160038365000210039920170124110002.0 aA-823070 c00.00a8170365481 aA-823070 bCen Lib/Ret aDPLbEN a364.1323bPAV aPavarala, Vinod  aInterpreting corruption :cby Vinod Pavaralabelite perspectives in india / aNew Delhi bSage Publications Inc.c1996 bNew Delhi aM-32, greater kailash market -1e110048 a260p.c21cm(Hb) aIncludes bibliographical references and index aCorruption  aCasual dynamics